000 00968cam a2200265 a 4500
001 2026994
003 OSt
005 20230703154600.0
008 910910s1990 wyu s001 0 eng
010 _a 91622289
040 _aDLC
_cDLC
_dDLC
043 _an-us-wy
082 0 0 _a342.787
_bWYO
110 1 _aWyoming.
240 1 0 _aConstitution
245 1 0 _aConstitution of the state of Wyoming :
_bincludes all amendments through November 6, 1990.
260 _a[Cheyenne? Wyo.] :
_bSecretary of State,
_c[1990]
300 _a65 p. ;
_c22 cm.
500 _a"The Constitution of the state of Wyoming was adopted in convention at Cheyenne, Wyoming on September 30, 1889 and ratified by the people of Wyoming on November 5, 1889."
500 _aIncludes index.
650 0 _aConstitutions
_zWyoming.
906 _a7
_bcbc
_corignew
_d2
_encip
_f19
_gy-gencatlg
942 _2ddc
_cBK
999 _c3463
_d3463